00835nam a22001935i 450000100060000000300090000600500170001500700030003200800390003510000490007424501380012326000590026130000300032049000420035053000350039283000420042785200490046985601230051853754ES-MaACL20231224062921.0t|960806s1859 sp a ||||1| spa1 aFernández y González, Manuel,d1821-188813aEl condestable D. Álvaro de Luna b: novela histórica / coriginal de Manuel Fernández y González ; adornada con 34 grabados. aMadrid : bImp. y Librería de Gaspar y Roig, c1859. a193 p. : bil. ; c28 cm.1 aBiblioteca ilustrada de Gaspar y Roig aDisponible en formato digital.1 aBiblioteca ilustrada de Gaspar y Roig aES-MaACLjG-5938 z- Legado M. de la Fuente uhttp://www.bibliotecavirtualdeandalucia.es/catalogo/es/consulta/registro.do?id=8622zBiblioteca Virtual de Andalucía